000 01133nam a2200241Ia 4500
999 _c36594
_d36594
001 2513
003 GE_BSU
005 20210225215500.0
008 181216s2004||||ge |||||||||||||| ||geo||
020 _a9994035304
040 _cGE_BSU
041 _ageo
080 _a1(075.8) ფ–56
245 _aფილოსოფიის შესავალი /
_c[ რედ. ვ. ჭიაურელი].
264 _aთბილისი :
_bტექნიკ. უნ–ტი,
_c2004.
300 _a222 გვ. ;
_c20 სმ.
500 _aფილოსოფიის შესავალი წარმოადგენს ლექციების კრებულს,რომელიც მომზადებულია საქართველოს ტექნიკური უნ-ტის ფილოსოფიის კათედრის მიერ
541 _h6 ლ.
653 _aფილოსოფია
653 _aფილოსოფიის შესავალი
700 _aჭიაურელი, ვ.
_eრედაქტორი
_910254
942 _cBK
_2udc